| 000 | 00398nam a2200145Ia 4500 | ||
|---|---|---|---|
| 008 | 210716s2012 xx 000 0 und d | ||
| 020 | _a9788132109990 | ||
| 041 | _aeng | ||
| 082 | _a158.35 NELR | ||
| 100 | _aNelson Jones, Richard. | ||
| 245 |
_aBasic counselling skills: a helpers manual. _bHelpers manual. |
||
| 250 | _a1 | ||
| 260 |
_aNew Delhi _bSage Publications _c2012 |
||
| 300 | _aviii,187 | ||
| 999 |
_c211298 _d211298 |
||